Plan de manejo de la trucha (Oncorhynchus mykiss y Salmo trutta) en el Parque Nacional Chingaza (Registro nro. 5869)
[ vista simple ]
| 000 -CABECERA | |
|---|---|
| Campo de control | 01289nam a2200241 a 4500 |
| 005 - FECHA Y HORA DE LA ULTIMA TRANSACCION | |
| Campo de control | 20200104041603.0 |
| 008 - ELEMENTOS DE LONGITUD FIJA—INFORMACION GENERAL | |
| Campo de control | 140127b2006 ck ||||| |||| 00| 0 spa d |
| 040 ## - FUENTE DE CATALOGACIÓN | |
| Agencia transcriptora | CO-BoIH |
| 041 ## - IDIOMA | |
| Código de idioma para texto/pista de sonido o título separado | Español |
| 044 ## - PAÍS DE PUBLICACIÓN | |
| País de publicación | Colombia |
| 090 ## - CLASIFICACIÓN LOCAL | |
| Colección | IAVH |
| Consecutivo | 00695 |
| 100 ## - ASIENTO PRINCIPAL--NOMBRE PERSONAL | |
| Nombre personal | Diavanera Tovar, Andrés |
| 245 ## - MENCION DE TITULO | |
| Título | Plan de manejo de la trucha (Oncorhynchus mykiss y Salmo trutta) en el Parque Nacional Chingaza |
| Parte restante del título | lineamientos para el manejo de la especie exótica invasora |
| 260 ## - PUBLICACION, DISTRIBUCION, ETC. (PIE DE IMPRENTA) | |
| Lugar de publicación, distribución, etc. | Bogotá |
| Nombre del editor, distribuidor, etc. | Instituto Alexander von Humboldt |
| Fecha de publicación, distribución, etc. | 2006 |
| 300 ## - DESCRIPCION FISICA | |
| Extensión | 44 p. |
| 520 ## - NOTA DE RESUMEN, ETC. | |
| Nota de resumen | Se analizan el impacto de la trucha arcoiris Oncorhynchus mykiss en los ecosistemas del PNN Chingaza y las estrategias de manejo adaptativo en el Parque. Se estudian los efectos deseados del control, lineamientos sobre la erradicación y sobre estrategias de control. Se ofrece un diagnóstico de la problemática y se dan algunas opciones de manejo dentro de las cuales se contemplan la disminución de densidades y la limitación de la distribución. |
| 650 ## - ASIENTO SECUNDARIO DE MATERIA - TERMINO TEMATICO | |
| Término temático o nombre geográfico como elemento de entrada | Planes de manejo ambiental |
| 650 ## - ASIENTO SECUNDARIO DE MATERIA - TERMINO TEMATICO | |
| Término temático o nombre geográfico como elemento de entrada | Manejo de especies invasoras |
| 650 ## - ASIENTO SECUNDARIO DE MATERIA - TERMINO TEMATICO | |
| Término temático o nombre geográfico como elemento de entrada | Invasiones biológicas |
| 650 ## - ASIENTO SECUNDARIO DE MATERIA - TERMINO TEMATICO | |
| Término temático o nombre geográfico como elemento de entrada | Impacto ambiental |
| 662 ## - ASIENTO SECUNDARIO DE MATERIA - JERARQUIA DEL NOMBRE DE LUGAR( | |
| País o entidad mayor | Colombia |
| Jurisdicción política intermedia | Parque Nacional Natural Chingaza |
| Jurisdicción política de primer orden | Cundinamarca |
| 942 ## - ELEMENTOS ADICIONALES (KOHA) | |
| Tipo de ítem | Informe Técnico |
| Sistema de clasificación | Local |
| Koha issues (borrowed), all copies | 3 |
| Withdrawn status | Lost status | Sistema de Clasificación | Damaged status | No para préstamo | Colección | Inventariado | Ubicación Permanente | Ubicación actual | Fecha de adquisición | Total Checkouts | Número topográfico | Inventario / Código de Barras | Date last seen | Date checked out | Ejemplar | Price effective from | Tipo de material |
|---|---|---|---|---|---|---|---|---|---|---|---|---|---|---|---|---|---|
| Local | Humboldt | Inventariado 2017 | Bogotá | Bogotá | 16/08/2007 | 1 | IAVH-00695 | 025179 | 09/08/2024 | 26/08/2015 | Ej. 1 | 04/12/2012 | Informe Técnico |